Handbook of professional documents -2002 (Record no. 9661)

000 -LEADER
fixed length control field 00277nam a2200109 4500
003 - CONTROL NUMBER IDENTIFIER
control field OSt
005 - DATE AND TIME OF LATEST TRANSACTION
control field 20211127124640.0
008 - FIXED-LENGTH DATA ELEMENTS--GENERAL INFORMATION
fixed length control field 211127b ||||| |||| 00| 0 eng d
245 ## - TITLE STATEMENT
Title Handbook of professional documents -2002
260 ## - PUBLICATION, DISTRIBUTION, ETC. (IMPRINT)
Place of publication, distribution, etc India
Name of publisher, distributor, etc Council of architecture
942 ## - ADDED ENTRY ELEMENTS (KOHA)
Source of classification or shelving scheme
Holdings
Withdrawn status Lost status Source of classification or shelving scheme Damaged status Not for loan Permanent location Current location Date acquired Barcode Date last seen Price effective from Koha item type
          BMS College of Architecture, Design and Planning BMS College of Architecture, Design and Planning 2021-11-27 AR-DB38 2021-11-27 2021-11-27 Donated Book
Copyright © 2025, The Librarian, Library and Information Centre, BMSCA D&P, Bengaluru. All Rights Reserved
web counter

Powered by Koha